| 000 | 00546cam a22002291 4500 | ||
|---|---|---|---|
| 001 | sa 62000677 | ||
| 003 | DLC | ||
| 005 | 20260227111915.0 | ||
| 008 | 890713s1962 ii 000 0 hino | ||
| 010 | _asa 62000677 | ||
| 035 | _a(OCoLC)20004073 | ||
| 040 |
_aDLC _cWaU _dDLC |
||
| 042 | _apremarc | ||
| 043 | _aa-ii--- | ||
| 050 | 0 | 0 |
_aPK2033 _b.G8 |
| 100 | 1 | _aGurtu, Shachi Rani. | |
| 245 | 1 | 0 | _aVaicārikī. |
| 260 | _c1962. | ||
| 300 |
_a500 p. _c23 cm. |
||
| 500 | _aIn Hindi. | ||
| 650 | 0 |
_aHindi literature _xHistory and criticism. |
|
| 999 |
_c53013 _d53013 |
||